| 000 | 01007nam a22002297a 4500 | ||
|---|---|---|---|
| 999 |
_c4795 _d4795 |
||
| 003 | AR-CdUCM | ||
| 008 | 190311b ||||| |||| 00| 0 spa d | ||
| 040 |
_aMUNICIPALIDAD PROVINCIAL DEL CUSCO _cBIBLIOTECA MUNICIPAL DEL CUSCO |
||
| 082 |
_a869.62 / _bM552 |
||
| 100 |
_aMera, Juan León _914804 |
||
| 245 | _aOjeada histórica-crítica sobre la poesía ecuatoriana / | ||
| 260 |
_aQuito : _bAriel. |
||
| 300 |
_a191 páginas ; _c17 cm. |
||
| 440 |
_aClásicos Ariel _n23 _914805 |
||
| 500 | _aDonación familia Luis Nieto | ||
| 505 | _aContenido:t.1 Indagaciones sobre la poesía quichua, La poesía ecuatoriana en los siglos XVI y XVII, Don José Orozco, poeta épico, El P. Ramón Viescas -- t.2: Doña dolores ventanilla, la educación de la mujer entre nosotros, Los doctores Miguel Angel Corral y Luis Cordero, Poesía satírica y epigramática... | ||
| 650 |
_aPoesía ecuatoriana _91692 |
||
| 650 |
_aHistoria _9136 |
||
| 650 |
_aPoesía española _9158 |
||
| 942 |
_2ddc _cLIBROS |
||
| 945 | _adavv | ||